000
00231nam a22001097a 4500
003
OSt
008
221121b |||||||| |||| 00| 0 eng d
041
_a
eng
082
_a
370.1
245
_a
Education from deweyto gandhi
942
_c
BK
999
_c
17584
_d
17584